Statistics for Ireland or New Ireland?

Click here to take the quiz!

General Stats

  • This quiz has been taken 44 times
  • The average score is 6 of 12

Answer Stats

QuestionAnswer% Correct
It is divided into four provincesIreland
88%
It's in the northern hemisphereIreland
79%
The highest point is Mount TaronNew Ireland
79%
Which is larger?Ireland
74%
The most popular sport is rugby leagueNew Ireland
52%
Cars drive on the left side of the roadboth
50%
It has been inhabited by humans for around 33,000 yearsNew Ireland
48%
It endured military occupation during WWIINew Ireland
45%
The main motorway or highway runs almost the full length of the island, skirting the east coastNew Ireland
29%
Deforestation has been widespreadboth
26%
It borders a body of water called St George's Channelboth
5%
This island has been hit by devastating hurricanesIreland
2%

Score Distribution

Percentile by Number Answered

Percent of People with Each Score

Your Score History

You have not taken this quiz